Carta-relación, relación y forma
Gespeichert in:
| 1. Verfasser: | |
|---|---|
| Format: | Buch |
| Sprache: | Spanisch |
| Veröffentlicht: |
Ciudad de México
Universidad Nacional Autónoma de México
1983
|
| Schriftenreihe: | Instituto de Investigaciones filológicas Centro de Estudios Mayas. Fuentes para el estudio de la Cultura Maya, 2
|
| Schlagworte: | |
| Tags: |
Tag hinzufügen
Keine Tags, Fügen Sie den ersten Tag hinzu!
|
MARC
| LEADER | 00000nam a2200000 a 4500 | ||
|---|---|---|---|
| 001 | UCX5971 | ||
| 003 | CL-VaPUC | ||
| 008 | 930323e19830000MX |||||||||||||||||spa|d | ||
| 082 | 0 | 4 | |a 972.8103 |b GAR |2 21 |
| 100 | |a García de Palacio, Diego |e author |9 536358 | ||
| 245 | 1 | 0 | |a Carta-relación, relación y forma |
| 300 | |a 172 p | ||
| 942 | |c BK | ||
| 945 | |d 19930323 00:00:00 | ||
| 260 | |a Ciudad de México |b Universidad Nacional Autónoma de México |c 1983 | ||
| 650 | 7 | |a HISTORIA COLONIA 1590-1821 |2 CL-VaPUC |9 322335 | |
| 651 | 0 | |a Guatemala |9 258335 | |
| 583 | |a last modification |c 19930323 00:00:00 |k Rodrigo Vera | ||
| 490 | 0 | |a Instituto de Investigaciones filológicas Centro de Estudios Mayas. Fuentes para el estudio de la Cultura Maya, 2 | |
| 999 | |c 226079 |d 226077 | ||
| 952 | |0 0 |1 0 |4 0 |6 972_810300000000000_GAR_1983 |7 0 |8 A |9 224179 |a BIBHIS |b BIBHIS |d 2019-11-15 |i 2929805 |o 972.8103 GAR 1983 |p 2929805 |r 2025-01-20 |w 2019-11-15 |y BK |k HIS | ||